[Event "ESP-ch U18"]
[Site "Salobrena"]
[Date "2020.08.20"]
[Round "6"]
[White "Moreno Alcaraz, Jose Javier"]
[Black "Rodriguez Ferreiros, Andres"]
[Result "0-1"]
[WhiteElo "2067"]
[BlackElo "2053"]
[PlyCount "74"]
[EventDate "2020.08.17"]
[EventType "swiss"]
[EventRounds "9"]
[EventCountry "ESP"]
[SourceTitle "CBM 197 Extra"]
[Source "ChessBase"]
[SourceDate "2020.09.30"]
[SourceVersion "1"]
[SourceVersionDate "2020.09.30"]
[SourceQuality "1"]

1. e4 c5 2. Nf3 Nc6 3. d4 cxd4 4. Nxd4 e5 5. Nb5 d6 6. N1c3 a6 7. Na3 b5 8. Nd5 Nce7 9. Nxe7 Bxe7 10. c4 b4 11. Qa4+ Bd7 12. Qxb4 Nf6 13. Bd3 d5 14. Qc3 dxe4 15. Be2 0-0 16. 0-0 Qc7 17. Nc2 Rab8 18. Rd1 Be6 19. b3 Nd5 20. Qg3 f5 21. f4 Nxf4 22. Bf1 Ng6 23. Qe1 Qc6 24. Ne3 Rbd8 25. Nd5 Bc5+ 26. Be3 f4 27. Bxc5 Qxc5+ 28. Kh1 e3 29. b4 Qc8 30. Rac1 Bg4 31. Rd3 e4 32. Ra3 e2 33. Bxe2 Bxe2 34. Nb6 Qb7 35. Na4 f3 36. Nc5 fxg2+ 37. Kxg2 Qe7 0-1

[Event "ESP-ch U18"]
[Site "Salobrena"]
[Date "2020.08.17"]
[Round "1"]
[White "Romera Carrion, Ruben"]
[Black "Moreno Alcaraz, Jose Javier"]
[Result "0-1"]
[WhiteElo "1663"]
[BlackElo "2067"]
[PlyCount "140"]
[EventDate "2020.08.17"]
[EventType "swiss"]
[EventRounds "9"]
[EventCountry "ESP"]
[SourceTitle "CBM 197 Extra"]
[Source "ChessBase"]
[SourceDate "2020.09.30"]
[SourceVersion "1"]
[SourceVersionDate "2020.09.30"]
[SourceQuality "1"]

1. e4 c5 2. Nf3 Nc6 3. d4 cxd4 4. Nxd4 Qb6 5. Nb3 Nf6 6. Bd3 e6 7. 0-0 Be7 8. Be3 Qc7 9. Nc3 a6 10. Na4 b5 11. Nb6 Rb8 12. Nxc8 Qxc8 13. c3 d6 14. a4 0-0 15. axb5 axb5 16. Nd4 Ne5 17. Bxb5 Nxe4 18. Ba6 Qd7 19. f4 Ng6 20. Qe2 Bf6 21. Bb5 Qc7 22. Nc6 Ra8 23. Nb4 Ne7 24. c4 Nc5 25. Na6 Nxa6 26. Bxa6 d5 27. g4 g6 28. Rfd1 Rfd8 29. Bb5 Rxa1 30. Rxa1 d4 31. Bd2 d3 32. Qf3 Bxb2 33. Ra2 Bf6 34. Kg2 Nc8 35. f5 Qe7 36. Ba5 Rf8 37. Qxd3 Nd6 38. Bb4 Rd8 39. Qf3 exf5 40. gxf5 Qe5 41. fxg6 hxg6 42. Qg3 Qe4+ 43. Qf3 Qxf3+ 44. Kxf3 Nxb5 45. cxb5 Rb8 46. Ra6 Rxb5 47. Rxf6 Rxb4 48. Kg3 Kg7 49. Rc6 Kh6 50. Rf6 Kg7 51. Rc6 f5 52. Rc3 Kh6 53. Rc6 Kg5 54. Rc5 Rb3+ 55. Kg2 Kg4 56. Rc2 f4 57. Rc4 Rb2+ 58. Kg1 g5 59. Rc3 Kh4 60. Rc4 Kg4 61. Rd4 Kf3 62. Rd1 Rg2+ 63. Kh1 Rg4 64. Ra1 Ke2 65. Ra2+ Kd3 66. Ra3+ Kc4 67. Ra4+ Kb3 68. Re4 Kc3 69. Ra4 Rh4 70. Kg2 f3+ 0-1

[Event "ESP-ch U18"]
[Site "Salobrena"]
[Date "2019.07.27"]
[Round "9"]
[White "Moreno Alcaraz, Jose Javier"]
[Black "Zoco Gallardo, Ignacio"]
[Result "1-0"]
[WhiteElo "1946"]
[BlackElo "1781"]
[PlyCount "97"]
[EventDate "2019.07.22"]
[EventType "swiss"]
[EventRounds "9"]
[EventCountry "ESP"]
[SourceTitle "CBM 191 Extra"]
[Source "ChessBase"]
[SourceDate "2019.09.30"]
[SourceVersion "1"]
[SourceVersionDate "2019.09.30"]
[SourceQuality "1"]

1. e4 c6 2. d4 d5 3. exd5 cxd5 4. c4 Nf6 5. Nc3 g6 6. cxd5 Nxd5 7. Qb3 Nb6 8. Nf3 Bg7 9. Bb5+ Bd7 10. Bf4 0-0 11. 0-0 Nc6 12. Rfd1 Na5 13. Qb4 Nc6 14. Qa3 Bg4 15. d5 Bxf3 16. dxc6 Bxd1 17. cxb7 Bg4 18. bxa8Q Qxa8 19. Qxe7 Nd5 20. Nxd5 Qxd5 21. a4 Bxb2 22. Re1 Ra8 23. Qc7 Qd8 24. Re8+ Qxe8 25. Bxe8 Rxe8 26. h3 Bf5 27. Qxa7 Kg7 28. a5 Re6 29. Qb8 Bf6 30. Bd6 Be7 31. Bxe7 Rxe7 32. a6 Re6 33. a7 Be4 34. a8Q Bxa8 35. Qxa8 h5 36. g4 hxg4 37. hxg4 Re1+ 38. Kg2 Re6 39. f4 Re2+ 40. Kf3 Re6 41. f5 Rb6 42. Qa1+ Kg8 43. Kf4 Rb4+ 44. Kg5 Rb6 45. Qa8+ Kg7 46. f6+ Kh7 47. Qf8 Rb5+ 48. Kf4 g5+ 49. Ke4 1-0

[Event "ESP-ch U14"]
[Site "Granada"]
[Date "2016.07.13"]
[Round "4"]
[White "Cisneros Serra, Javier"]
[Black "Moreno Alcaraz, Jose Javier"]
[Result "0-1"]
[WhiteElo "1634"]
[BlackElo "1839"]
[PlyCount "66"]
[EventDate "2016.07.11"]
[EventType "swiss"]
[EventRounds "9"]
[EventCountry "ESP"]
[SourceTitle "EXT 2024"]
[Source "ChessBase"]
[SourceDate "2023.10.10"]
[SourceVersion "1"]
[SourceVersionDate "2023.10.10"]
[SourceQuality "1"]

1. e4 e6 2. Qe2 c5 3. Nf3 Nc6 4. g3 g6 5. Bg2 Bg7 6. 0-0 Nge7 7. c3 d5 8. d3 Bd7 9. Re1 h6 10. h4 dxe4 11. dxe4 e5 12. Na3 Be6 13. Be3 b6 14. Rad1 Qb8 15. Qd2 a6 16. b4 cxb4 17. cxb4 0-0 18. Bxh6 Rd8 19. Qe3 Rxd1 20. Rxd1 Nxb4 21. Bxg7 Kxg7 22. Qc3 Nxa2 23. Qxe5+ Qxe5 24. Nxe5 b5 25. Rd2 Nc3 26. Rd6 a5 27. Rb6 b4 28. Nac4 Ne2+ 29. Kf1 Nd4 30. Ke1 a4 31. Kd1 a3 32. Nxa3 bxa3 33. Rb1 a2 0-1